| 000 | 00418nam a2200169Ia 4500 | ||
|---|---|---|---|
| 008 | 230711s9999||||xx |||||||||||||| ||und|| | ||
| 041 | _aENG | ||
| 082 |
_a720 _bGO-I |
||
| 100 | _aGozak Astaf | ||
| 245 | 0 | _aI van leonidov : the complete work | |
| 250 | _a1st | ||
| 260 |
_c1988 _aNew Delhi _bRizzoli International Publications Inc |
||
| 300 | _a216 | ||
| 650 | _aArchitecture | ||
| 700 | _aLeonidov V | ||
| 942 | _cBK | ||
| 999 |
_c1807 _d1807 |
||